000 00816cam a2200229 a 4500
001 15524507
005 20180306075302.0
008 081117s2009 nyua 001 0 eng
010 _a 2008049419
020 _a9780073371603 (student's ed.)
020 _a9780077263782 (instructor's ed.)
040 _aDLC
_cDLC
041 _aeng
080 _a428.2 joh
082 0 0 _a428.2 joh
_222
100 1 _a25
101 _aedu
245 1 0 _aEnglish essentials :
_cJohn Langan, Beth Johnson.
906 _a7
_bcbc
_corignew
_d1
_eecip
_f20
_gy-gencatlg
942 _2ddc
_cBK
999 _c44191
_d44191